Statystyka ekonomicznych zjawisk zlozonych Wykrywanie i analiza niejednorodych rozkladów wielowymiarowych

Na minha lista:
Detalhes bibliográficos
Autor principal: Jajuga, Krzysztof
Formato: Livro
Idioma:polonês
Publicado em: Wroclaw Akademia Ekon. 1987
Edição:1. wyd.
Colecção:Prace naukowe Nr.371
Tags: Adicionar Tag
Sem tags, seja o primeiro a adicionar uma tag!

MARC

LEADER 00000nam a2200000 4500
001 c039457
005 20221219123728.0
041 0 |a pol 
044 |a PL 
245 1 0 |a Statystyka ekonomicznych zjawisk zlozonych  |b Wykrywanie i analiza niejednorodych rozkladów wielowymiarowych  |c Krzysztof Jajuga 
250 |a 1. wyd. 
264 1 |a Wroclaw  |b Akademia Ekon.  |c 1987 
300 |a 168 s. 
490 1 |a Prace naukowe  |v Nr.371 
830 0 |a Prace naukowe  |v Nr.371 
100 1 |a Jajuga, Krzysztof